000
00292nam a22001337a 4500
020
_a
978-81-85986-00-5
082
_a
824
_b
BHA/I
100
_a
BHAGAT, CHETAN
245
_a
INDIA POSITIVE
260
_a
DELHI
_b
WESTLAND, SEATTLE
_c
2019
300
_a
216
650
_a
ESSAYS
_z
DELHI
942
_c
BK
999
_c
6888
_d
6888